| 000 | 00542nam a2200169 a 4500 | ||
|---|---|---|---|
| 001 | 000047442 | ||
| 005 | 20201002060537.0 | ||
| 008 | 110412s2017 dr 000 0 spa d | ||
| 020 | _a9789945585315 | ||
| 040 |
_aDO-SdBNP _bspa _cBNPHU |
||
| 082 |
_axx _bR426m,2017 |
||
| 110 | 2 |
_aRepública Dominicana _bPoder Judicial _915992 |
|
| 245 | 1 | 0 | _aManual de procedimientos de inspectoría geneal del consejo del Poder Judicial /. |
| 260 |
_aSanto Domingo : _bPoder Judicial, _c2017. |
||
| 300 |
_a42 p. ; _c21 cm. |
||
| 590 | _aInventariado, 2018/VM | ||
| 999 |
_c46930 _d46930 |
||